000 00347nam a2200145Ia 4500
008 191201s2011 xx 000 0 und d
082 _a658.18
_bBAI
100 _aBASCUNAN,F.L
245 0 _aInternational Business Management
250 _a1st
260 _aN. Delhi
_bGlobal vision pub
_c2011
300 _a372
650 _aBBA
942 _2ddc
_cBK
999 _c4961
_d4961